00346nam a2200133 a 45000010010000000030011000100080041000210350026000620820016000881000020001042450027001242600047001516500014001980000-9243ELIB.Books110520 1943  a(ELIB.Books)0000-9395 a234.2 bSma aSmart, James D. aWhat a man can believe bPhiladelphia; The Westminster Press c1943 aSalvation